000 005130000a22001570004500
003 MACL
005 20180313161303.0
008 180313b xxu||||| |||| 00| 0 eng d
040 _cmacl
100 _aभारत यायावर
_942147
245 _aहिन्‍दी की अनस्थ्रिता एक ऐतिहासिक बहस
260 _bनवोदय सेल्‍स
_c1993
350 _a120
650 _aसाहित्‍य
_971305
942 _cHIN
_k800/DIW/L
_2ddc
999 _c19842
_d19842